| 000 | 01224cam a2200229 4500 | ||
|---|---|---|---|
| 001 | WB4037-14 | ||
| 008 | 040928n2004 000 0 eng u | ||
| 035 | _a(Sirsi) u127542 | ||
| 245 | _aFall in activity is blamed on restrictions | ||
| 260 | _c2004 | ||
| 490 |
_aPlanning (for the Natural and Built Environment) _v24 September 2004 1(1) |
||
| 520 | _aResearch by the Cass Business School and the University of Sheffield suggests that restrictive planning regimes have a direct and detrimental economic effect on business. Local economic activity would be reduced by 3.8% if a local authority was to tighten their planning regime by just 10% in relation to industrial property. The research looked at three different areas of business and found that industrial business showed least loyalty to a town and were the most likely to move under tightening planning regimes. For the Cass Business School press release: http://www.cass.city.ac.uk/media/stories/story_2_2 6_41925.html | ||
| 590 | _aWB | ||
| 590 | _aWB | ||
| 650 | _aCASS BUSINESS SCHOOL | ||
| 650 | _aPLANNING REGULATIONS | ||
| 650 | _aLOCAL AUTHORITY | ||
| 650 | _aECONOMIC ACTIVITY | ||
| 650 | _aRENTAL COSTS | ||
| 690 | _aPLANNING | ||
| 942 | _n0 | ||
| 999 |
_c118070 _d118070 |
||